Tips on testing : strategies for test-taking /

Bibliographic Details
Main Author: Alford, Robert L.
Format: Book
Language:English
Published: Washington, D.C. : University Press of America, [1979]
Subjects:

MARC

Tag First Indicator Second Indicator Subfields
LEADER 00000cam a2200000 a 4500
001 in00000085940
005 20151008064352.0
008 800129s1979 dcu b 00010 eng d
010 |a  79088269  
020 |a 0819107700 
035 |a (OCoLC)05921770 
035 |9 AAK4049AM 
040 |a COO  |c COO  |d TXA  |d UtOrBLW 
049 |a TXAM  |c [1272161] 
090 |a LB2367  |b .A38 
100 1 |a Alford, Robert L. 
245 1 0 |a Tips on testing :  |b strategies for test-taking /  |c Robert L. Alford. 
264 1 |a Washington, D.C. :  |b University Press of America,  |c [1979] 
264 4 |c ©1979 
300 |a 76 pages ;  |c 21 cm. 
336 |a text  |b txt  |2 rdacontent 
337 |a unmediated  |b n  |2 rdamedia 
338 |a volume  |b nc  |2 rdacarrier 
504 |a Bibliography: page 71. 
650 0 |a Universities and colleges  |x Examinations. 
999 |a MARS 
999 f f |s af50555b-8e7e-3a16-906e-9ff4a317667b  |i de5b15d5-3482-3ff0-b35e-de72ba36a507  |t 0 
952 f f |p normal  |a Texas A&M University  |b College Station  |c Sterling C. Evans Library  |d Evans: Library Stacks  |t 0  |e LB2367 .A38  |h Library of Congress classification  |i unmediated -- volume  |m A14806161940 
998 f f |a LB2367 .A38  |t 0  |l Evans: Library Stacks